Представление документа в формате RUSMARC

ПолеНазваниеЗначение
  Тип записи a
  Библиографический уровень m
001 Контрольный номер RU\NLR\BIBL_A\011877863
005 Дата корректировки 20230707133309.8
010 Индекс ISBN __
a ISBN 978-5-04-097888-5
9 Тираж 3000
d Цена 237-05
021 № государственной регистрации __
a Код страны RU
b № документа 2018-83963
035 Другие системные номера __
a Идентификатор записи (RuMoRGB)009799492
100 Данные общей обработки __
a Данные общей обработки 20181130d2018 a y0rusa0189 ca
101 Язык документа 1_
a Язык текста rus
c Язык оригинала eng
102 Страна публикации __
a Страна публикации RU
105 Кодированные данные (монография) __
a Кодированные данные (монография) y|||zzzz0|0ay
200 Заглавие и сведения об ответственности 1_
a Заглавие Эгоист
f Первые сведения об ответственности Ви Киланд
g Последующие сведения об ответственности [перевод с английского В. Бологовой]
210 Выходные данные 1_
a Место издания Москва
c Издательство Эксмо
d Дата издания 2019
215 Физическое описание __
a Объем 413, [1] с.
d Формат 20
225 Серия (Журнальная рубрика) 1_
a Серия (Журнальная рубрика) Modern love
333 Примечание о целевом назначении __
a Примечание о целевом назначении 18+
606 Тематические рубрики __
a Основная рубрика Художественная литература
606 Тематические рубрики __
a Основная рубрика Литература Америки (произведения)
610 Ключевые слова 0_
a Ключевые слова американская литература
686 Индексы других классификаций __
a Индекс ББК 84(7Сое)6-4
v Номер издания LBC/SL
2 Код системы rubbk
700 Автор _1
a Фамилия Киланд
b Имя В.
g Полное личное имя Ви
801 Источник записи _0
a Страна RU
b Организация NLR
c Дата составления 20181130
g Правила каталогизации RCR
801 Источник записи _1
a Страна RU
b Организация NLR
c Дата составления 20181130
2 Код формата rusmarc
801 Источник записи _2
a Страна RU
b Организация NLR
c Дата составления 20181214
2 Код формата rusmarc
801 Источник записи _2
a Страна RU
b Организация Центральная районная библиотека им. Г. А. Пирожникова
852 Данные о местонахождении __
j Шифр хранения 84(7Сое)6
i Авторский знак К 39
901 Тип документа __
t Тип документа m
902 Роль лиц __
b Редактор БЗ ОКиО/Струналь